000
00315nam a2200157Ia 4500
100
_a
Bergquist/Carl J
650
_a
IC
942
_c
BK
366
_f
25
245
_a
IC Projects
260
_b
Prompt publishers
_c
2008
082
_a
621.3
_b
BER
300
_a
212
546
_a
ENGLISH
_c
PAMPHALETS
999
_c
20271
_d
20271